00425nam a2200133Ia 4500001000900000003000500009008004100014010001100055040000900066110005100075245007800126260006200204300002500266dia_7273CHAP220117s[19- xx 000 0 und d a178570 cCHAP aMéxico. Secretaría de Industria y Comercio aHemerobiblioteca : información general y listado de Proyectos de normas aMéxico :b Secretaría de Industria y Comercio,c[19- a1 v. en pag. variada